| 000 | 00368nam a2200145Ia 4500 | ||
|---|---|---|---|
| 008 | 230917s9999||||xx |||||||||||||| ||und|| | ||
| 040 |
_e5007001 _aMAIN |
||
| 041 | _aEnglish | ||
| 082 | _a006.7 K529H | ||
| 100 | _aKhurana, Dhiraj | ||
| 245 | 0 | _aHybrid model for recommender system using effective learning methods | |
| 260 | _c2021 | ||
| 300 | _a150 p. | ||
| 942 | _cBK | ||
| 999 |
_c9723 _d9723 |
||